书目信息 |
| 题名: |
中国竞技体育人才开发
|
|
| 作者: | 宋全征 著 | |
| 分册: | ||
| 出版信息: | 北京 北京体育大学出版社 2004.07 |
|
| 页数: | 206页 | |
| 开本: | 24cm | |
| 丛书名: | 中国体育博士文丛 | |
| 单 册: | ||
| 中图分类: | G808.18 | |
| 科图分类: | ||
| 主题词: | 运动竞赛--yun dong jing sai--人才--培养--中国 | |
| 电子资源: | ||
| ISBN: | 7-81100-147-0 | |
| 000 | 00947nam 2200265 450 | |
| 001 | 012007457335 | |
| 005 | 20071107173831.92 | |
| 010 | @a7-81100-147-0@dCNY33.00 | |
| 100 | @a20071107d2004 km y0chiy0120 ea | |
| 101 | 0 | @achi |
| 102 | @aCN@b110000 | |
| 105 | @aa a 000yy | |
| 106 | @ar | |
| 200 | 1 | @a中国竞技体育人才开发@Azhong guo jing ji ti yu ren cai kai fa@f宋全征著@Fsong quan zheng zhu |
| 210 | @a北京@c北京体育大学出版社@d2004.07 | |
| 215 | @a206页@c图@d24cm | |
| 225 | 2 | @a中国体育博士文丛@Azhong guo ti yu bo shi wen cong |
| 320 | @a有书目。 | |
| 330 | @a本书分为九章,论述了可持续发展的理论与应用;新世纪中国竞技体育人才资源整体开发;中国竞技体育的人才培养;中国竞技体育的人才激励等内容。 | |
| 410 | 0 | @12001 @a中国体育博士文丛 |
| 606 | 0 | @a运动竞赛@Ayun dong jing sai@x人才@x培养@y中国 |
| 690 | @aG808.18@v4 | |
| 701 | 0 | @a宋全征@Asong quan zheng@4著 |
| 801 | 0 | @aCN@b@c20071107 |
| 905 | @b265949@dG808.18@eS774@f1 | |
| 中国竞技体育人才开发/宋全征著.-北京:北京体育大学出版社,2004.07 |
| 206页:图;24cm.-(中国体育博士文丛) |
| ISBN 7-81100-147-0:CNY33.00 |
| 本书分为九章,论述了可持续发展的理论与应用;新世纪中国竞技体育人才资源整体开发;中国竞技体育的人才培养;中国竞技体育的人才激励等内容。 |
| ● |
| 相关链接 |
|
|
|
正题名:中国竞技体育人才开发
索取号:G808.18/S774
 
预约/预借
| 序号 | 登录号 | 条形码 | 馆藏地/架位号 | 状态 | 备注 |
| 1 | 265949 | 202659499 | 社科库409/409社科库 20排4列3层/ [索取号:G808.18/S774] | 在馆 |